| 000 | 00000nam##2200000za#4500 |
| 001 | 9.570604 |
| 003 | CaOODSP |
| 005 | 20210624182324 |
| 007 | cr ||||||||||| |
| 008 | 150406|2000||||xxc|||||o f|0| 0 eng|d |
| 040 | |aCaOODSP|beng |
| 043 | |an-cn--- |
| 086 | 1 |aC21-24/31-2000E-PDF |
| 110 | 1 |aCanada.|bIndustry Canada. |bMicro-Economic Analysis Directorate. |
| 245 | 10|aAre Canadian-controlled manufacturing firms less productive than their foreign-controlled counterparts? / |h[electronic resource]|cby Someshwar Rao and Jianmin Tang. |
| 260 | |aOttawa - Ontario : |bIndustry Canada. |cFebruary 2000. |
| 300 | |a38p.|btables |
| 490 | 1 |aWorking paper series|vNo. 31 |
| 500 | |aThe catalogue number (C21-24/31-2000) and ISBN (0-662-64668-1) for the bilingual print edition have been incorrectly copied in this electronic publication. |
| 504 | |aBibliography. |
| 590 | |a12-12-Supp|b2012-03-28 |
| 720 | 1 |aRao, Someshwar |
| 720 | 1 |aTang, Jianmin |
| 775 | 08|tLes entreprises manufacturières sous contrôle canadien sont-elles moins productives que leurs concurrentes sous contrôle étranger? / |w(CaOODSP)9.601253 |
| 776 | 0#|tAre Canadian-controlled manufacturing firms less productive than their foreign-controlled counterparts? / |w(CaOODSP)9.533494 |
| 776 | 0#|tLes entreprises manufacturières sous contrôle canadien sont-elles moins productives que leurs concurrentes sous contrôle étranger? / |w(CaOODSP)9.533495 |
| 830 | #0|aWorking paper series ;|vNo. 31|w(CaOODSP)9.504711 |
| 856 | 40|ahttp://publications.gc.ca|qPDF|s200 KB|uhttps://publications.gc.ca/collections/Collection/C21-24-31-2000E.pdf|yNo. 31 |